000 00275nam a22001337a 4500
008 170418b xxu||||| |||| 00| 0 eng d
020 _a9780805366242
041 _aeng
080 _a573
100 _a11
101 _ashm
245 _aBIOLOGY
_cCAMPBELL
942 _2udc
_cBK
999 _c11003
_d11003